000 00654nam a2200205 i 4500
001 79579
003 ES-MaACL
005 20250907063050.0
007 t|
008 041022q19031910sp ||||1| spa d
100 1 _aVillar, Emilio H. del,
_d1871-1951
_9115067
245 1 4 _aLas repúblicas hispano-americanas /
_cEmilio Hernández del Villar.
260 _aBarcelona :
_b[s.n.,
_c1903-1910] (
_fDomingo Clarasó)
300 _a631 p. ;
_c17 cm.
490 1 _aManuales Soler ;
_v70
651 4 _aAmérica Latina-
_xGeografía.
_9160576
830 0 _aManuales Soler ;
_v70
_9181914
852 _aES-MaACL
_jG-15688-89
999 _c79579
_d79579